Crocevia della morte /

Salvato in:
Dettagli Bibliografici
Altri autori: Coen, Joel, Burwell, Carter, Byrne, Gabriel, Harden, Marcia Gay
Natura: Videodisco
Lingua:italiano
Pubblicazione: Milano : Fox Video, 1992
Serie:Silver & gold
Tags: Aggiungi Tag
Nessun Tag, puoi essere il primo ad aggiungerne!!

MARC

LEADER 00000ngm a22000007i 4500
001 IT\ICCU\RAV\0257695
003 ItRI
005 20260124182858.0
008 950713r19921990it |||||||||||||||k|||||c
028 4 2 |a 185215 
040 |b ita 
041 7 |a ita  |2 ISO-639-2 
082 |a 791.43655GL  |9 CINEMA. TIPI DI FILM. FILM GIALLI  |2 20 
130 0 |a Miller's Crossing.  |3 IT\ICCU\RAV\0257696 
130 0 |a Millerʼs Crossing <film ; 1990>  |3 IT\ICCU\RAV\1210840 
245 0 0 |a Crocevia della morte /  |c diretto da Joel Coen ; scritto da Joel Coen e Ethan Coen ; musica di Carter Burwell. 
246 1 3 |a Crocevia della morte <videoregistrazione>  |9 IT\ICCU\UBO\3593603 
260 |a Milano :  |b Fox Video,  |c 1992 
300 |a 1 videocassetta (VHS) (110 min.) :  |b col. (DeLuxe), son. (Hi-Fi Stereo Dolby Surround) 
500 |a Interpreti: Gabriel Byrne, Marcia Gay Harden, John Turturro, Albert Finney, Jon Polito 
500 |a Produttore: Ethan Coen 
500 |a Ripr.del film del 1990, prod. Usa 
500 |a Doppiato in italiano 
500 |a Descrizione basata sul contenitore. 
700 1 |a Coen, Joel  |0 IT\ICCU\RAVV\088553 
700 1 |a Burwell, Carter  |0 IT\ICCU\RAVV\088556 
700 1 |a Byrne, Gabriel  |0 IT\ICCU\RAVV\092899 
700 1 |a Harden, Marcia Gay  |0 IT\ICCU\RAVV\092901 
830 0 |a Silver & gold  |0 IT\ICCU\UBO\1334751 
942 |2 ddc  |c VM  |n 0 
952 |0 0  |1 0  |4 0  |6 VO_303_000000000000000  |7 0  |9 27440  |a BO  |b BO  |d 2026-01-24  |i 6896  |l 0  |o VO 303  |p BO6896  |r 2026-01-24 18:28:58  |w 2026-01-24  |x [Sebina 5] [1 videocassetta]  |y VM  |z 1 videocassetta 
999 |c 23239  |d 23239